000 005840000a22001930004500
090 _aAR
_b03008
245 1 0 _aWhat to protect?- sistematics and the agony of choine
650 1 4 _aRiqueza de especies
_93326
650 1 4 _aPatrones de distribución
_993901
650 1 4 _aSistemática
_93510
650 1 4 _aTaxonomía
_992343
650 1 4 _aConservación
_992401
041 0 _aInglés
700 1 _aHumphries, Chris
_996337
700 1 _aWilliams, Paul H.
_992866
100 1 _aWright, R. I. Vane
_996593
942 _cARTICULO
773 1 _tBiological Conservation
_3147
_q235-254
_d1991
_g55
999 _c12065
_d12065